000 00426nam a2200157Ia 4500
999 _c5686
_d5686
008 200103s 2006 ||||xx |||||||||||||| ||und||
100 _aFernandes, Errol
245 4 _aThe rules and practice of ship construction
250 _a3rd ed.
260 _bMarinez Enterprises
_c2006
_aMumbai
300 _a279p.
650 _aWelding
650 _aShipyard Practice
650 _aPassenger Ship Subdivision
942 _cGB